Projektirovanije mašinostroiteľnych predprijatij /

Saved in:
Bibliographic Details
Main Author: Muther, Richard (Author)
Format: Book
Language:Russian
Published: Moskva : Mašgiz, 1961
Tags: Add Tag
No Tags, Be the first to tag this record!

MARC

LEADER 00000nam a22000003a 4500
001 stu39618
005 20150617225725.2
008 930218s1961----xxr-----------------rus-d
040 |a STU  |b slo 
041 0 |a rus 
044 |a xxr 
100 1 |a Muther, Richard  |4 aut 
245 1 |a Projektirovanije mašinostroiteľnych predprijatij /  |c [aut.]Richard Muther 
260 |a Moskva :  |b Mašgiz,  |c 1961 
300 |a 330 s 
996 |b 284M016009  |c M*3861-1  |l MMKN  |s A  |a 24  |w stu39618_0001